広島高速道路のIC - Statistics

General Stats
  • This quiz has been taken 32 times
  • The average score is 13 of 19
Answer Stats
1号線 % Correct
IC 宇品
86%
JCT/IC 広島東
77%
IC 府中
77%
IC/JCT 仁保
77%
JCT 仁保
77%
PA/IC 温品
73%
JCT 温品
73%
JCT 温品
73%
IC 吉島
73%
IC 中広
73%
IC 矢賀
68%
IC 観音
68%
IC 沼田
68%
IC 間所
64%
IC 東雲
64%
IC 福田
59%
IC 大州
59%
IC 馬木
55%
IC 出島
55%
No matching quizzes found
Score Distribution
Percent of People with Each Score
Percentile by Number Answered
Your Score History
You have not taken this quiz